Instructional objectives /

Bibliographic Details
Other Authors: Popham, W. James
Format: Book
Language:English
Published: Chicago : Rand McNally, [1969]
Series:Monograph series on curriculum evaluation ; 3.
Subjects:

MARC

Tag First Indicator Second Indicator Subfields
LEADER 00000cam a2200000 4500
001 in00000184621
005 20151009050801.0
008 691110s1969 ilu b 00000 eng
010 |a  73075613  
035 |a (OCoLC)00028173 
035 |9 AAV1293AM 
040 |a DLC  |c DLC  |d TXA  |d UtOrBLW 
049 |a TXAM  |c [638844] 
050 0 0 |a LB1570  |b .I566 
082 0 |a 375/.001 
245 0 0 |a Instructional objectives /  |c [by] W. James Popham [and others]. 
264 1 |a Chicago :  |b Rand McNally,  |c [1969] 
264 4 |c ©1969 
300 |a viii, 142 pages ;  |c 23 cm. 
336 |a text  |b txt  |2 rdacontent 
337 |a unmediated  |b n  |2 rdamedia 
338 |a volume  |b nc  |2 rdacarrier 
490 1 |a American Educational Research Association. Monograph series on curriculum evaluation,  |v 3 
504 |a Includes bibliographies. 
650 0 |a Curriculum change. 
650 0 |a Education  |x Aims and objectives. 
700 1 |a Popham, W. James. 
830 0 |a Monograph series on curriculum evaluation ;  |v 3. 
999 |a MARS 
999 f f |s 70a4d340-35bd-3d91-9120-c632c56eca57  |i bdebf3e7-66d5-3c38-97a4-1bc71a5949fb  |t 0 
952 f f |p normal  |a Texas A&M University  |b College Station  |c Sterling C. Evans Library  |d Evans: Library Stacks  |t 0  |e LB1570 .I566  |h Library of Congress classification  |i unmediated -- volume  |m A14803264210 
998 f f |a LB1570 .I566  |t 0  |l Evans: Library Stacks